[Event "Kreis-Mitte-EM"]
[Site "Zirndorf"]
[Date "2014.01.04"]
[Round "2.8"]
[White "Held, Werner"]
[Black "Rausch, Wolfgang sr"]
[Result "0-1"]
[WhiteElo "1269"]
[BlackElo "1964"]
[PlyCount "54"]
[EventDate "2014.??.??"]
[WhiteTeam "Zabo-Eintracht Nbg."]
[BlackTeam "SC N-T Nürnberg"]

1. d4 d5 2. Nc3 c6 3. b3 Nf6 4. a4 g6 5. Nf3 Bg7 6. g3 O-O 7. Bg2 Nbd7 8. O-O
Re8 9. Re1 e5 10. dxe5 Nxe5 11. Bf4 Nxf3+ 12. Bxf3 Bf5 13. Rc1 h6 14. b4 g5 15.
Be3 Ng4 16. Bd4 Ne5 17. b5 Nxf3+ 18. exf3 Rxe1+ 19. Qxe1 Bxd4 20. Qd2 Bf6 21.
h4 Qa5 22. Qe3 Qxc3 23. Qe2 Qe5 24. Qd2 Re8 25. f4 Qc3 26. Qxc3 Bxc3 27. fxg5
hxg5 0-1

[Event "Kreis-Mitte-EM"]
[Site "Zirndorf"]
[Date "2014.01.04"]
[Round "2.9"]
[White "Pörzgen, Michael"]
[Black "Lais, Thomas"]
[Result "0-1"]
[WhiteElo "1586"]
[BlackElo "1899"]
[PlyCount "82"]
[EventDate "2014.??.??"]
[WhiteTeam "SW Nürnberg Süd"]
[BlackTeam "SW Nürnberg Süd"]

1. e4 c5 2. Nc3 d6 3. f4 Nc6 4. Bb5 Bd7 5. Nf3 g6 6. O-O Bg7 7. d3 Nd4 8. Bxd7+
Qxd7 9. Be3 e6 10. Rb1 Ne7 11. Ne2 Nec6 12. c3 Nxe2+ 13. Qxe2 O-O 14. Qf2 b6
15. f5 exf5 16. Qh4 fxe4 17. Ng5 h6 18. Nxe4 f5 19. Qh3 Ne5 20. Nf2 f4 21. Qxd7
Nxd7 22. Bd2 d5 23. Rbe1 Ne5 24. Kh1 g5 25. Re2 f3 26. gxf3 Rxf3 27. Re3 Raf8
28. Kg2 R3f7 29. Ree1 Rxf2+ 30. Rxf2 Rxf2+ 31. Kxf2 Nxd3+ 32. Ke2 Nxe1 33. Kxe1
Kf7 34. Kf2 Ke6 35. Kf3 Kf5 36. h3 Be5 37. Be1 h5 38. Bf2 g4+ 39. hxg4+ hxg4+
40. Ke2 g3 41. Bg1 Ke4 0-1

[Event "Kreis-Mitte-EM"]
[Site "Zirndorf"]
[Date "2014.01.04"]
[Round "2.10"]
[White "Pidtoptanyy, Igor"]
[Black "Gesellchen, Bernhard"]
[Result "1-0"]
[WhiteElo "1816"]
[BlackElo "1474"]
[PlyCount "65"]
[EventDate "2014.??.??"]
[WhiteTeam "SW Nürnberg Süd"]
[BlackTeam "SC Postbauer-Heng"]

1. e4 e5 2. d4 exd4 3. c3 dxc3 4. Nxc3 Nc6 5. Nf3 Be7 6. Bc4 d6 7. O-O Nf6 8.
Nd4 Ne5 9. Bb3 O-O 10. f4 Ng6 11. Nf5 Be6 12. Bxe6 fxe6 13. Qb3 Qc8 14. Nd4 d5
15. exd5 exd5 16. Nxd5 Nxd5 17. Qxd5+ Kh8 18. Ne6 Rf6 19. f5 Nf8 20. Bg5 Rf7
21. Bxe7 Rxe7 22. Qc5 Rf7 23. Ng5 Rf6 24. Rad1 b6 25. Qd5 h6 26. Ne4 c6 27. Qe5
Nd7 28. Qe7 Nc5 29. Nxf6 gxf6 30. Qxf6+ Kg8 31. Qg6+ Kh8 32. Qxh6+ Kg8 33. Rf4
1-0

[Event "Kreis-Mitte-EM"]
[Site "Zirndorf"]
[Date "2014.01.04"]
[Round "2.11"]
[White "Knab, Reinhard"]
[Black "Gottlieb, Michael"]
[Result "1-0"]
[WhiteElo "1804"]
[BlackElo "1505"]
[PlyCount "57"]
[EventDate "2014.??.??"]
[WhiteTeam "Zabo-Eintracht Nbg."]
[BlackTeam "SC Postbauer-Heng"]

1. Nc3 d5 2. e4 dxe4 3. Nxe4 Nd7 4. Bc4 Ngf6 5. Ng5 e6 6. Qe2 Nb6 7. Bb3 h6 8.
N5h3 Bd7 9. f4 Be7 10. Nf3 c5 11. d3 Qc7 12. Ne5 Bd6 13. O-O Rf8 14. Bd2 O-O-O
15. a4 Bxe5 16. fxe5 Ng8 17. Nf4 Ne7 18. a5 Nbd5 19. Bxd5 Nxd5 20. Nh5 g5 21.
Nf6 Nb4 22. Bc3 Nc6 23. Nh7 Rh8 24. Rxf7 b5 25. axb6 Qxb6 26. Qe4 c4+ 27. Kh1
cxd3 28. cxd3 Be8 29. Rg7 1-0

[Event "Kreis-Mitte-EM"]
[Site "Zirndorf"]
[Date "2014.01.04"]
[Round "2.12"]
[White "Walch, Roger"]
[Black "Nüßlein, Christian"]
[Result "1-0"]
[WhiteElo "1581"]
[BlackElo "1677"]
[PlyCount "47"]
[EventDate "2014.??.??"]
[WhiteTeam "SW Nürnberg Süd"]
[BlackTeam "SGem Nürnberg 1978"]

1. e4 Nf6 2. e5 Nd5 3. c4 Nb6 4. d4 d6 5. exd6 cxd6 6. Be2 g6 7. Nf3 Bg7 8. Nc3
Nc6 9. O-O O-O 10. Be3 e5 11. d5 Na5 12. b3 Bg4 13. Rc1 Rc8 14. Ng5 Bxe2 15.
Qxe2 h6 16. Nh3 Re8 17. Qg4 Kh7 18. f4 f5 19. Qg3 e4 20. Nb5 a6 21. Nd4 Nbxc4
22. bxc4 Nxc4 23. Ne6 Qf6 24. Bd4 1-0

[Event "Kreis-Mitte-EM"]
[Site "Zirndorf"]
[Date "2014.01.04"]
[Round "2.13"]
[White "Münzenberg, Dietrich"]
[Black "Mantel, Hans"]
[Result "0-1"]
[WhiteElo "1677"]
[BlackElo "1456"]
[PlyCount "86"]
[EventDate "2014.??.??"]
[WhiteTeam "Zabo-Eintracht Nbg."]
[BlackTeam "Zabo-Eintracht Nbg."]

1. d4 d5 2. Nf3 Bg4 3. Ne5 Bf5 4. g3 Nd7 5. Bg2 c6 6. O-O f6 7. Nd3 e5 8. dxe5
fxe5 9. f3 Ngf6 10. Re1 e4 11. Nf2 Bc5 12. e3 exf3 13. Bxf3 Qe7 14. Kg2 O-O-O
15. Nd3 Bb6 16. a4 h5 17. a5 Bc7 18. Nf4 Be4 19. Nc3 Bxf3+ 20. Qxf3 Qf7 21. Nd3
g5 22. Rf1 g4 23. Qf5 Qg7 24. Nc5 Qe7 25. Ne6 Rde8 26. Nxc7 Kxc7 27. Bd2 Ref8
28. Qf4+ Kc8 29. Qd4 Kb8 30. Rf5 h4 31. Raf1 hxg3 32. Qf4+ Ka8 33. Qxg3 Rh3 34.
Qf4 Rfh8 35. Rf2 Qh7 36. Kg1 g3 37. hxg3 Rh1+ 38. Kg2 Rg1+ 39. Kf3 Qh1+ 40. Ke2
Rh2 41. Rxf6 Rxf2+ 42. Qxf2 Rg2 43. Be1 Nxf6 0-1

[Event "Kreis-Mitte-EM"]
[Site "Zirndorf"]
[Date "2014.01.04"]
[Round "2.14"]
[White "Dreiseitel, Werner"]
[Black "Mantel, Ruben"]
[Result "1-0"]
[WhiteElo "1512"]
[BlackElo "1665"]
[PlyCount "41"]
[EventDate "2014.??.??"]
[WhiteTeam "SC N-T Nürnberg"]
[BlackTeam "Zabo-Eintracht Nbg."]

1. d4 e6 2. Nf3 d5 3. Bf4 f5 4. h3 Nf6 5. e3 Be7 6. c4 O-O 7. Nc3 c6 8. Be2 Ne4
9. O-O Nd7 10. Qc2 Qe8 11. a3 g5 12. Bh2 Qg6 13. Ne5 Nxe5 14. Bxe5 h5 15. f3
Nd6 16. Bd3 Nf7 17. Bg3 g4 18. hxg4 hxg4 19. fxg4 Qxg4 20. Qf2 Ng5 21. Be2 1-0

[Event "Kreis-Mitte-EM"]
[Site "Zirndorf"]
[Date "2014.01.04"]
[Round "2.15"]
[White "Stohl, Peter"]
[Black "Chowdhury, Sandip"]
[Result "1-0"]
[WhiteElo "1622"]
[BlackElo "1250"]
[PlyCount "61"]
[EventDate "2014.??.??"]
[WhiteTeam "SK Schwabach 1907"]
[BlackTeam "SC N-T Nürnberg"]

1. f4 Nc6 2. b3 d5 3. e3 Nf6 4. Bb2 Bg4 5. Be2 Bxe2 6. Qxe2 e6 7. Nc3 Nb4 8.
Qb5+ c6 9. Qxb7 Nxc2+ 10. Ke2 Nxa1 11. Qxc6+ Nd7 12. Bxa1 Rc8 13. Qb5 Bc5 14.
Nf3 O-O 15. Na4 Bd6 16. Qd3 Qa5 17. Ng5 g6 18. h4 e5 19. h5 Rb8 20. hxg6 hxg6
21. f5 Qb5 22. fxg6 Qxd3+ 23. Kxd3 fxg6 24. Nc3 Nc5+ 25. Ke2 Rf5 26. Nf3 e4 27.
Nd4 Rg5 28. Nc6 Rb7 29. b4 Nd3 30. Nxd5 Rxg2+ 31. Kf1 1-0

[Event "Kreis-Mitte-EM"]
[Site "Zirndorf"]
[Date "2014.01.04"]
[Round "2.16"]
[White "Weidenhöfer, Robert"]
[Black "Mantel, Hubert"]
[Result "0-1"]
[WhiteElo "1488"]
[BlackElo "1620"]
[PlyCount "58"]
[EventDate "2014.??.??"]
[WhiteTeam "SW Nürnberg Süd"]
[BlackTeam "Zabo-Eintracht Nbg."]

1. b3 d5 2. Bb2 c5 3. e3 Nc6 4. Nf3 Nf6 5. Be2 Qc7 6. O-O e5 7. Bb5 Bd6 8. d4
cxd4 9. exd4 e4 10. Ne5 O-O 11. Bxc6 bxc6 12. h3 Nd7 13. Ng4 f5 14. Ne3 Nf6 15.
f3 f4 16. Ng4 Nxg4 17. fxg4 Ba6 18. Rf2 f3 19. Ba3 Bh2+ 20. Kh1 fxg2+ 21. Rxg2
Rf1+ 22. Qxf1 Bxf1 23. Rxh2 Qa5 24. c3 Bd3 25. Bb4 Qc7 26. Na3 e3 27. Nc2 Be4+
28. Kg1 Qg3+ 29. Rg2 Qxg2# 0-1

[Event "Kreis-Mitte-EM"]
[Site "Zirndorf"]
[Date "2014.01.04"]
[Round "2.17"]
[White "Albayrak, Aylin"]
[Black "Ratscheu, Stefan"]
[Result "1-0"]
[WhiteElo "1467"]
[BlackElo "1552"]
[PlyCount "73"]
[EventDate "2014.??.??"]
[WhiteTeam "Zabo-Eintracht Nbg."]
[BlackTeam "SC Postbauer-Heng"]

1. d4 Nf6 2. c4 g6 3. Nc3 Bg7 4. e4 d6 5. Nf3 O-O 6. Be2 Nbd7 7. O-O e5 8. d5
Nb6 9. h3 Bd7 10. Be3 Qe7 11. b4 Ne8 12. c5 Nc8 13. Rc1 f5 14. Qb3 Kh8 15. exf5
gxf5 16. Rfe1 f4 17. Bd2 Nf6 18. Ng5 Nxd5 19. Nxd5 Qxg5 20. Nxc7 Rb8 21. Ne6
Bxe6 22. Qxe6 dxc5 23. Rxc5 Nb6 24. Bb5 Rg8 25. Bc3 Bf6 26. Bf1 Rbe8 27. Qb3 h5
28. Bd2 h4 29. a4 Qf5 30. Qf3 Nxa4 31. Rc7 Re7 32. Bd3 Qg5 33. Rxb7 Rxb7 34.
Qxb7 Rg7 35. Qf3 Nb6 36. Bxf4 Qxf4 37. Qh5+ 1-0

[Event "Kreis-Mitte-EM"]
[Site "Zirndorf"]
[Date "2014.01.04"]
[Round "2.18"]
[White "Hasenöder, Matthias"]
[Black "Stohl, Tristan"]
[Result "1-0"]
[WhiteElo "1541"]
[BlackElo "1375"]
[PlyCount "101"]
[EventDate "2014.??.??"]
[WhiteTeam "Zabo-Eintracht Nbg."]
[BlackTeam "SK Schwabach 1907"]

1. c4 c5 2. Nf3 Nc6 3. d4 cxd4 4. Nxd4 d6 5. Nc3 Nf6 6. e4 e5 7. Nc2 Be7 8. Be2
O-O 9. O-O Be6 10. Be3 h6 11. f4 exf4 12. Bxf4 Ne5 13. b3 b6 14. Ne3 Qd7 15.
Bxe5 dxe5 16. Ned5 Bxd5 17. exd5 Bc5+ 18. Kh1 Bd4 19. Rc1 a6 20. Bf3 Rad8 21.
Ne4 Nxe4 22. Bxe4 f5 23. Bc2 Bc5 24. Qh5 e4 25. g4 fxg4 26. Bxe4 Rxf1+ 27. Rxf1
Rf8 28. Bf5 Qe7 29. Qg6 Rf6 30. Qh7+ Kf8 31. Qh8+ Kf7 32. Be6+ Kg6 33. Re1 Kg5
34. Qh7 Qf8 35. Qd3 Rf3 36. Qd2+ Kh4 37. Qg2 g3 38. Qh3+ Kg5 39. Qg4+ Kf6 40.
Qxf3+ Kg6 41. Qxf8 Bxf8 42. hxg3 Bc5 43. Re4 h5 44. Kg2 Kg5 45. Kh3 g6 46. Bf7
Kf5 47. Re6 h4 48. g4+ Kf4 49. Bxg6 Bf2 50. Rf6+ Ke3 51. Rxf2 1-0

[Event "Kreis-Mitte-EM"]
[Site "Zirndorf"]
[Date "2014.01.04"]
[Round "2.19"]
[White "Dreiseitel, Ursula"]
[Black "Denninger, David"]
[Result "0-1"]
[WhiteElo "1406"]
[BlackElo "1521"]
[PlyCount "82"]
[EventDate "2014.??.??"]
[WhiteTeam "SC N-T Nürnberg"]
[BlackTeam "TSV Cadolzburg"]

1. d4 Nf6 2. Bf4 g6 3. Nf3 Bg7 4. h3 d6 5. e3 O-O 6. Bd3 c5 7. c3 Nd5 8. Bh2
cxd4 9. cxd4 e5 10. dxe5 Re8 11. O-O dxe5 12. e4 Nb4 13. Be2 Qxd1 14. Bxd1 N8c6
15. a3 Nd3 16. b4 Be6 17. Nbd2 Rad8 18. Bb3 Nd4 19. Bxe6 Rxe6 20. Rfd1 Ne2+ 21.
Kf1 Nc3 22. Nc4 Nxd1 23. Rxd1 Ree8 24. Nfxe5 b5 25. Rxd3 Rxd3 26. Nxd3 bxc4 27.
Nc5 Bb2 28. Bf4 c3 29. f3 Bxa3 30. Nd3 Rd8 31. Ke2 f6 32. h4 Kf7 33. g4 Rc8 34.
Bc1 Bxc1 35. Nxc1 Ke6 36. f4 Rc4 37. f5+ gxf5 38. exf5+ Kd5 39. Kd3 Rxb4 40.
Kxc3 Rc4+ 41. Kd2 Rxc1 0-1

[Event "Kreis-Mitte-EM"]
[Site "Zirndorf"]
[Date "2014.01.04"]
[Round "3.1"]
[White "Erlbeck, Peter"]
[Black "Süß, Stefan"]
[Result "1-0"]
[WhiteElo "2038"]
[BlackElo "1971"]
[PlyCount "61"]
[EventDate "2014.??.??"]
[WhiteTeam "SW Nürnberg Süd"]
[BlackTeam "SC N-T Nürnberg"]

1. e4 e6 2. d4 d5 3. e5 c5 4. c3 Nc6 5. Nf3 Bd7 6. a3 f6 7. Bd3 Qc7 8. O-O
O-O-O 9. Re1 c4 10. Bf1 fxe5 11. dxe5 Bc5 12. b4 cxb3 13. Qxb3 Rf8 14. Be3 Bxe3
15. Rxe3 Nh6 16. c4 Ng4 17. cxd5 exd5 18. Re1 Ncxe5 19. Nxe5 Nxe5 20. Qc3 Nc6
21. Qxg7 Qf4 22. Qb2 Rhg8 23. g3 Bg4 24. Nc3 Nd4 25. Bg2 Nf3+ 26. Bxf3 Bxf3 27.
Nb5 Rg6 28. Re7 d4 29. Nxd4 Qd6 30. Rxh7 Rd8 31. Nxf3 1-0

[Event "Kreis-Mitte-EM"]
[Site "Zirndorf"]
[Date "2014.01.04"]
[Round "3.2"]
[White "Rummel, Gerald"]
[Black "Haubold, Martin"]
[Result "0-1"]
[WhiteElo "1844"]
[BlackElo "1996"]
[PlyCount "170"]
[EventDate "2014.??.??"]
[WhiteTeam "SC Anderssen Nbg."]
[BlackTeam "SC N-T Nürnberg"]

1. d4 Nf6 2. Bg5 Ne4 3. Bf4 d5 4. e3 c5 5. Bd3 Nf6 6. c3 Nc6 7. Nd2 Qb6 8. Qb3
c4 9. Qxb6 axb6 10. Be2 Bf5 11. f3 b5 12. g4 Bg6 13. h4 h5 14. g5 Nd7 15. Nh3
Nb6 16. e4 Kd7 17. Bg3 e6 18. Nf4 Bd6 19. Kf2 Bxf4 20. Bxf4 Ra6 21. a3 Rha8 22.
Rac1 Rf8 23. Bf1 Raa8 24. Bh3 Ne7 25. Be5 Rg8 26. Ke3 Raf8 27. Bh2 f5 28. gxf6
gxf6 29. Rhf1 f5 30. e5 f4+ 31. Bxf4 Bf5 32. Bxf5 Nxf5+ 33. Kf2 Nxh4 34. Bh6
Rg2+ 35. Ke1 Rh8 36. Be3 Nf5 37. Bf2 h4 38. Rh1 h3 39. Kf1 Ng3+ 40. Bxg3 Rxd2
41. Rh2 Rxh2 42. Bxh2 Rg8 43. Rc2 Na4 44. Rf2 Ke7 45. Bf4 Kf7 46. Bc1 Kg6 47.
Rh2 Rh8 48. Kf2 Kf5 49. Kg3 Rg8+ 50. Kxh3 Rg1 51. Rc2 Nb6 52. Be3 Re1 53. Bc1
Nd7 54. Kg2 Nf8 55. Kf2 Rd1 56. Ke2 Rh1 57. Be3 Ng6 58. Rd2 Nh4 59. Rd1 Rh2+
60. Bf2 Ng2 61. Kf1 Nf4 62. Kg1 Rh3 63. Be3 Rg3+ 64. Kf2 Rg2+ 65. Kf1 Rxb2 66.
Rd2 Rb1+ 67. Kf2 Nd3+ 68. Kg3 Re1 69. Bh6 Ra1 70. Bf8 Rc1 71. Bb4 Rg1+ 72. Kh2
Rg8 73. Rg2 Rh8+ 74. Kg1 Kf4 75. Rg6 Kxf3 76. Rxe6 Nf4 77. Rf6 Rg8+ 78. Kf1 Ke3
79. e6 Nh3 80. Ke1 Ng5 81. e7 Nf3+ 82. Kd1 Rg1+ 83. Kc2 Ne1+ 84. Kb2 Nd3+ 85.
Kc2 Rc1# 0-1

[Event "Kreis-Mitte-EM"]
[Site "Zirndorf"]
[Date "2014.01.04"]
[Round "3.3"]
[White "Schwegler, Benjamin"]
[Black "Brenner, Christian"]
[Result "0-1"]
[WhiteElo "1697"]
[BlackElo "1969"]
[PlyCount "76"]
[EventDate "2014.??.??"]
[WhiteTeam "Zabo-Eintracht Nbg."]
[BlackTeam "Zabo-Eintracht Nbg."]

1. Nf3 Nf6 2. g3 g6 3. Bg2 Bg7 4. O-O O-O 5. d3 Nc6 6. Nbd2 e5 7. e4 d6 8. Re1
h6 9. h4 Ng4 10. Nf1 f5 11. N3h2 Nf6 12. exf5 gxf5 13. f4 Bd7 14. c3 Rb8 15.
Qc2 Re8 16. Be3 e4 17. dxe4 Nxe4 18. Rad1 Qf6 19. Nf3 Qg6 20. Kh2 Re7 21. Nd4
Rbe8 22. Bxe4 fxe4 23. Qf2 Qg4 24. Re2 Qh3+ 25. Kg1 Bg4 26. Rde1 Nxd4 27. Bxd4
Bxe2 28. Rxe2 c5 29. Be3 Bf6 30. f5 Re5 31. Bf4 Qxf5 32. Ne3 Qg6 33. Bxe5 Bxe5
34. Kh2 Rf8 35. Qe1 Qh5 36. Kh3 Rf3 37. Rg2 Qg6 38. Nd5 Qe6+ 0-1

[Event "Kreis-Mitte-EM"]
[Site "Zirndorf"]
[Date "2014.01.04"]
[Round "3.4"]
[White "Rausch, Wolfgang sr"]
[Black "Walch, Roger"]
[Result "1-0"]
[WhiteElo "1964"]
[BlackElo "1581"]
[PlyCount "29"]
[EventDate "2014.??.??"]
[WhiteTeam "SC N-T Nürnberg"]
[BlackTeam "SW Nürnberg Süd"]

1. c4 Nf6 2. Nf3 e6 3. Nc3 c5 4. d4 cxd4 5. Nxd4 a6 6. e4 d6 7. Be2 Be7 8. Be3
Nbd7 9. O-O O-O 10. Qd2 b6 11. Nc6 Qe8 12. Rfd1 Bb7 13. Nxe7+ Qxe7 14. Qxd6
Qxd6 15. Rxd6 1-0

[Event "Kreis-Mitte-EM"]
[Site "Zirndorf"]
[Date "2014.01.04"]
[Round "3.5"]
[White "Lais, Thomas"]
[Black "Knab, Reinhard"]
[Result "1-0"]
[WhiteElo "1899"]
[BlackElo "1804"]
[PlyCount "45"]
[EventDate "2014.??.??"]
[WhiteTeam "SW Nürnberg Süd"]
[BlackTeam "Zabo-Eintracht Nbg."]

1. e4 Nf6 2. e5 Ne4 3. d3 Nc5 4. d4 Nca6 5. Nf3 e6 6. Be2 d6 7. O-O b6 8. c3
Bb7 9. Nbd2 Be7 10. Bb5+ c6 11. Bd3 h6 12. exd6 Bxd6 13. Ne4 Nc7 14. Ne5 Qe7
15. Qg4 Nba6 16. Nxd6+ Qxd6 17. Bf4 Nd5 18. Qxg7 O-O-O 19. Nxf7 Qxf4 20. Nxh8
Nac7 21. Ng6 Qd2 22. Ne5 Qxb2 23. Nf7 1-0

[Event "Kreis-Mitte-EM"]
[Site "Zirndorf"]
[Date "2014.01.04"]
[Round "3.6"]
[White "Schlötterer, Hermann"]
[Black "Luther, Helmut"]
[Result "1-0"]
[WhiteElo "1812"]
[BlackElo "1891"]
[PlyCount "67"]
[EventDate "2014.??.??"]
[WhiteTeam "Zabo-Eintracht Nbg."]
[BlackTeam "SW Nürnberg Süd"]

1. d4 d5 2. g3 g6 3. Bg2 Bg7 4. Nf3 Nf6 5. c4 c6 6. O-O O-O 7. Nc3 dxc4 8. Ne5
Nbd7 9. Nxc4 Nb6 10. Ne5 Ng4 11. Nf3 e5 12. Nxe5 Nxe5 13. dxe5 Bxe5 14. Bh6 Re8
15. Qc2 Qe7 16. e4 Bf6 17. Kh1 Bg5 18. Bxg5 Qxg5 19. a4 Qh6 20. a5 Nc4 21. Qe2
Ne5 22. f4 Bg4 23. Qc2 Nd7 24. e5 Bh3 25. Bxh3 Qxh3 26. Ne4 Red8 27. Qc4 Nf8
28. Qxf7+ Kxf7 29. Ng5+ Kg7 30. Nxh3 Rd2 31. Ng5 h6 32. Ne4 Rxb2 33. Rab1 Re2
34. Rxb7+ 1-0

[Event "Kreis-Mitte-EM"]
[Site "Zirndorf"]
[Date "2014.01.04"]
[Round "3.7"]
[White "Schanz, Karlheinz"]
[Black "Pidtoptanyy, Igor"]
[Result "0-1"]
[WhiteElo "1736"]
[BlackElo "1816"]
[PlyCount "102"]
[EventDate "2014.??.??"]
[WhiteTeam "SC Mühlhof-R'dorf"]
[BlackTeam "SW Nürnberg Süd"]

1. e4 e6 2. f4 d5 3. Nc3 dxe4 4. Nxe4 Nf6 5. Nxf6+ Qxf6 6. g3 Bd7 7. Bg2 Nc6 8.
Nf3 Bc5 9. c3 O-O 10. d4 Bb6 11. Ne5 Rad8 12. Qe2 Qe7 13. Be3 Nxe5 14. fxe5 Bc6
15. O-O-O Bxg2 16. Qxg2 c6 17. Rhe1 f5 18. h4 Qf7 19. Rf1 Qh5 20. Qf3 Qxf3 21.
Rxf3 h5 22. Bg5 Rd7 23. Rfd3 Bd8 24. Bf4 Be7 25. Kc2 Rfd8 26. Be3 Kf7 27. b4 b5
28. R3d2 a5 29. a3 Ra8 30. Rb1 axb4 31. axb4 Ra4 32. Rb2 Rd8 33. Rd1 Rda8 34.
Rdb1 g5 35. hxg5 Kg6 36. Rh1 Bxg5 37. Bf4 Ra1 38. Rxa1 Rxa1 39. Kd3 Bxf4 40.
gxf4 Rg1 41. Rh2 Rg3+ 42. Kd2 Rg4 43. Ke3 h4 44. Rh3 Kh5 45. Kf3 Rg1 46. Kf2
Rc1 47. Rd3 Kg4 48. Kg2 Rc2+ 49. Kh1 Kxf4 50. Kg1 Kg4 51. Re3 f4 0-1

[Event "Kreis-Mitte-EM"]
[Site "Zirndorf"]
[Date "2014.01.04"]
[Round "3.8"]
[White "Müller, Lothar"]
[Black "Nagel, Felix"]
[Result "1/2-1/2"]
[WhiteElo "1832"]
[BlackElo "1585"]
[PlyCount "96"]
[EventDate "2014.??.??"]
[WhiteTeam "SC Postbauer-Heng"]
[BlackTeam "SC Anderssen Nbg."]

1. c4 e5 2. Nc3 Nf6 3. g3 Bc5 4. e3 Nc6 5. a3 a5 6. Bg2 d6 7. Nge2 Bf5 8. d4
Bb6 9. d5 Ne7 10. e4 Bd7 11. O-O c6 12. Qd3 Ng6 13. Be3 Bxe3 14. Qxe3 c5 15. f4
exf4 16. Nxf4 Ne5 17. b3 a4 18. Nb5 Qb6 19. Rfb1 Nfg4 20. Qe2 Bxb5 21. bxa4
Rxa4 22. Rxb5 Qa6 23. Rab1 O-O 24. Rxb7 Qxc4 25. Qxc4 Nxc4 26. R1b3 Nd2 27. Rd3
Nxe4 28. h3 Ngf6 29. Rb6 g6 30. Bxe4 Nxe4 31. Kg2 Kg7 32. Rb7 Kf6 33. Rf3 Ke5
34. Re3 g5 35. Re7+ Kf5 36. g4+ Kf6 37. R3xe4 Rxe4 38. Rxe4 gxf4 39. Kf3 Rc8
40. Kxf4 c4 41. Re2 Ra8 42. Re3 Rc8 43. Rc3 Rc5 44. Ke4 Ra5 45. h4 h6 46. Rf3+
Kg6 47. Kd4 Ra4 48. Rc3 Kf6 1/2-1/2

[Event "Kreis-Mitte-EM"]
[Site "Zirndorf"]
[Date "2014.01.04"]
[Round "3.9"]
[White "Thürauf, Peter"]
[Black "Hasenöder, Matthias"]
[Result "1-0"]
[WhiteElo "1823"]
[BlackElo "1541"]
[PlyCount "75"]
[EventDate "2014.??.??"]
[WhiteTeam "SW Nürnberg Süd"]
[BlackTeam "Zabo-Eintracht Nbg."]

1. d4 Nf6 2. Nf3 e6 3. c4 Bb4+ 4. Bd2 Qe7 5. a3 Bxd2+ 6. Qxd2 Nc6 7. e3 d6 8.
Be2 O-O 9. O-O e5 10. d5 Nb8 11. Nc3 a5 12. b4 Na6 13. Rfc1 Bd7 14. Qb2 axb4
15. axb4 b6 16. c5 b5 17. c6 Bg4 18. Bxb5 Bxf3 19. gxf3 e4 20. f4 Nh5 21. Rxa6
Rae8 22. Be2 Qh4 23. Bxh5 Qxh5 24. Qe2 Qh3 25. Qf1 Qh4 26. Qg2 f5 27. Ne2 Rf6
28. Ng3 Rg6 29. Rca1 h5 30. Kh1 Qf6 31. Qf1 h4 32. Ne2 Rh6 33. Nd4 Kh7 34. Ne6
Rxe6 35. dxe6 Qxe6 36. Qe2 Qf6 37. Rg1 h3 38. Ra8 1-0

[Event "Kreis-Mitte-EM"]
[Site "Zirndorf"]
[Date "2014.01.04"]
[Round "3.10"]
[White "Denninger, David"]
[Black "Drees, Martin"]
[Result "0-1"]
[WhiteElo "1521"]
[BlackElo "1711"]
[PlyCount "40"]
[EventDate "2014.??.??"]
[WhiteTeam "TSV Cadolzburg"]
[BlackTeam "TSV Cadolzburg"]

1. e4 e5 2. Nf3 Nc6 3. Bc4 Nf6 4. Ng5 d5 5. exd5 Nd4 6. c3 b5 7. cxd4 bxc4 8.
O-O Qxd5 9. Nc3 Qxd4 10. Qf3 Rb8 11. Re1 Be7 12. Nge4 O-O 13. Nxf6+ Bxf6 14.
Nd5 Bh4 15. Ne3 Rb6 16. g3 Bg5 17. Qd5 Bxe3 18. Qxd4 Bxd4 19. Rb1 Rf6 20. Rf1
Bh3 0-1

[Event "Kreis-Mitte-EM"]
[Site "Zirndorf"]
[Date "2014.01.04"]
[Round "3.11"]
[White "Dreiseitel, Werner"]
[Black "Babichev, Vyacheslav"]
[Result "0-1"]
[WhiteElo "1512"]
[BlackElo "1683"]
[PlyCount "148"]
[EventDate "2014.??.??"]
[WhiteTeam "SC N-T Nürnberg"]
[BlackTeam "SW Nürnberg Süd"]

1. d4 e6 2. Bf4 Nf6 3. h3 Nc6 4. e3 Bb4+ 5. c3 Ba5 6. Nf3 d5 7. Be2 O-O 8. O-O
Ne4 9. Nbd2 Nd6 10. a4 a6 11. Qc2 f5 12. b4 Bb6 13. Rab1 Ne7 14. c4 Ba7 15. Ne5
Nf7 16. Ndf3 Nxe5 17. Nxe5 b6 18. cxd5 Nxd5 19. Bf3 Bb7 20. Bh2 g6 21. Rfc1 Bb8
22. Qb3 Qe7 23. Qc2 Nxb4 24. Rxb4 Bxf3 25. Rb3 Be4 26. Qb2 Bd5 27. Rbc3 Qg5 28.
f3 Ra7 29. Qf2 Qh6 30. Nd7 Rd8 31. Nxb8 Rxb8 32. Bxc7 Rbb7 33. Bf4 g5 34. Rc8+
Kf7 35. Bb8 Ra8 36. Be5 Rxc8 37. Rxc8 b5 38. axb5 axb5 39. Qc2 Bc4 40. Qb2 Ra7
41. Rc7+ Rxc7 42. Bxc7 Qf8 43. Ba5 Qa8 44. Qb4 Qd5 45. Kf2 h5 46. Bc7 g4 47.
hxg4 fxg4 48. fxg4 hxg4 49. Qa5 Kg6 50. Qb4 Qf5+ 51. Kg3 Qe4 52. Qd2 Bd5 53.
Be5 Kh5 54. Qf2 Qf5 55. Qxf5+ exf5 56. Bd6 Kg6 57. Kf2 Kf6 58. g3 Ke6 59. Bc5
Be4 60. Ke1 Kd5 61. Kd2 Kc4 62. Kc1 b4 63. Bd6 b3 64. Kb2 Bc2 65. Ba3 Kd5 66.
Bb4 Ke4 67. Bd2 Kf3 68. d5 Be4 69. d6 Bc6 70. Kxb3 Kxg3 71. Kb4 Kf3 72. Kc5 Bd7
73. Kb6 g3 74. Kc7 Ba4 0-1

[Event "Kreis-Mitte-EM"]
[Site "Zirndorf"]
[Date "2014.01.04"]
[Round "3.12"]
[White "Mantel, Hans"]
[Black "Stohl, Peter"]
[Result "1-0"]
[WhiteElo "1456"]
[BlackElo "1622"]
[PlyCount "79"]
[EventDate "2014.??.??"]
[WhiteTeam "Zabo-Eintracht Nbg."]
[BlackTeam "SK Schwabach 1907"]

1. e4 d6 2. Nc3 g6 3. Bc4 Bg7 4. d3 c6 5. a3 a6 6. Rb1 b5 7. Ba2 c5 8. Bd2 Nc6
9. Bd5 Bb7 10. f4 e6 11. Ba2 Nd4 12. Nce2 Nxe2 13. Qxe2 Ne7 14. Nf3 Nc6 15. h4
Qe7 16. Bc3 Bxc3+ 17. bxc3 Qf6 18. Qd2 Rb8 19. c4 b4 20. axb4 Nxb4 21. Bb3 Kd7
22. Kf2 Qg7 23. Ba4+ Bc6 24. Bxc6+ Nxc6 25. c3 f6 26. d4 cxd4 27. cxd4 a5 28.
Qa2 f5 29. e5 dxe5 30. dxe5 Qe7 31. Rhd1+ Kc7 32. Rd6 Rxb1 33. Qxb1 Rb8 34.
Rxc6+ Kxc6 35. Qxb8 Qc5+ 36. Kg3 Qxc4 37. Qa8+ Kb5 38. Qb7+ Ka4 39. Qxh7 Kb3
40. Nd2+ 1-0

[Event "Kreis-Mitte-EM"]
[Site "Zirndorf"]
[Date "2014.01.04"]
[Round "3.13"]
[White "Mantel, Hubert"]
[Black "Held, Werner"]
[Result "1-0"]
[WhiteElo "1620"]
[BlackElo "1269"]
[PlyCount "37"]
[EventDate "2014.??.??"]
[WhiteTeam "Zabo-Eintracht Nbg."]
[BlackTeam "Zabo-Eintracht Nbg."]

1. e4 e5 2. Bc4 d6 3. Nc3 c6 4. d3 a5 5. a3 Nf6 6. Bg5 b5 7. Ba2 h6 8. Bh4 g5
9. Bg3 Bb7 10. Nf3 Nbd7 11. Qd2 d5 12. exd5 Bd6 13. dxc6 Bxc6 14. Qe2 Qe7 15.
O-O-O b4 16. Ne4 bxa3 17. Nxd6+ Qxd6 18. Nxe5 Qb4 19. Nxc6+ 1-0

[Event "Kreis-Mitte-EM"]
[Site "Zirndorf"]
[Date "2014.01.04"]
[Round "3.14"]
[White "Gottlieb, Michael"]
[Black "Albayrak, Aylin"]
[Result "1-0"]
[WhiteElo "1505"]
[BlackElo "1467"]
[PlyCount "117"]
[EventDate "2014.??.??"]
[WhiteTeam "SC Postbauer-Heng"]
[BlackTeam "Zabo-Eintracht Nbg."]

1. e4 e5 2. Nf3 Nf6 3. Bc4 d5 4. exd5 Nxd5 5. Nxe5 Be6 6. d4 Bd6 7. O-O O-O 8.
Re1 Nc6 9. Nxc6 bxc6 10. Nd2 c5 11. dxc5 Bxc5 12. Ne4 Bb6 13. Ng5 Qf6 14. Qf3
Qd4 15. Bd3 Nf6 16. Be3 Qxb2 17. Be4 Rad8 18. Nxe6 fxe6 19. Bxb6 axb6 20. Bd3
Qd4 21. Qh3 e5 22. Qe6+ Kh8 23. Qxe5 Qh4 24. Qg3 Qd4 25. Qe3 Qh4 26. Qg3 Qxg3
27. hxg3 Ng4 28. f3 Nf6 29. Re7 Nd5 30. Re4 g6 31. Rh4 Kg7 32. Re1 Rfe8 33.
Rhe4 Kf7 34. Bc4 c6 35. Kf1 b5 36. Bb3 Ra8 37. Kf2 Kf8 38. Rxe8+ Rxe8 39. Rxe8+
Kxe8 40. Bxd5 cxd5 41. Ke3 Kd7 42. Kd4 Kd6 43. c3 h6 44. f4 Ke6 45. g4 Kd6 46.
f5 gxf5 47. gxf5 Ke7 48. Kxd5 Kf6 49. Kc5 Kxf5 50. Kxb5 Kg4 51. a4 Kg3 52. a5
Kxg2 53. a6 h5 54. a7 h4 55. a8=Q+ Kg3 56. Qh8 h3 57. c4 h2 58. Qxh2+ Kxh2 59.
c5 1-0

[Event "Kreis-Mitte-EM"]
[Site "Zirndorf"]
[Date "2014.01.04"]
[Round "3.15"]
[White "Gesellchen, Bernhard"]
[Black "Pörzgen, Michael"]
[Result "0-1"]
[WhiteElo "1474"]
[BlackElo "1586"]
[PlyCount "44"]
[EventDate "2014.??.??"]
[WhiteTeam "SC Postbauer-Heng"]
[BlackTeam "SW Nürnberg Süd"]

1. e4 d5 2. exd5 Nf6 3. Nc3 Nxd5 4. Bc4 Be6 5. Qf3 c6 6. a4 Qd7 7. h3 Nb4 8.
Bd3 Nxd3+ 9. Qxd3 Qxd3 10. cxd3 Bf5 11. Ne4 e6 12. Ne2 Na6 13. g4 Bg6 14. Nf4
Nb4 15. O-O O-O-O 16. Nxg6 hxg6 17. Ng5 Rd7 18. Kg2 Nxd3 19. Kg3 Bc5 20. Ne4
Bd4 21. Ra3 Nxc1 22. Rxc1 Bxb2 0-1